[Event "ICS rated blitz match"]
[Site "207.99.83.227"]
[Date "1999.04.09"]
[Round "?"]
[White "kaspinha"]
[Black "Hossa"]
[Result "1/2-1/2"]
[WhiteElo "2141"]
[BlackElo "2443"]
[PlyCount "100"]

1. e4 c5 2. Nf3 Nc6 3. Bb5 a6 4. Bxc6 dxc6 5. d3 Bg4 6. h3 Bxf3 7. Qxf3 e5 8.
Qg3 Qe7 9. Nd2 O-O-O 10. Nc4 f6 11. f4 b5 12. Ne3 exf4 13. Qxf4 Qd6 14. Nf5
Qxf4 15. Bxf4 g6 16. Ng3 Bd6 17. Bxd6 Rxd6 18. a4 b4 19. b3 Kd8 20. O-O h5 21.
Rf2 h4 22. Nf1 Ne7 23. Ne3 Ng8 24. Raf1 Re6 25. Ng4 Ke7 26. Ne3 Kd8 27. Nc4 Rh6
28. Rf4 Ke8 29. Rg4 g5 30. e5 Rg6 31. Re4 Kd7 32. exf6 Rgxf6 33. Rxe6 Rxf1+ 34.
Kxf1 Kxe6 35. Ke2 Nh6 36. Ne3 Nf5 37. Nxf5 Kxf5 38. Kf3 a5 39. g3 hxg3 40. Kxg3
Ke6 41. Kg4 Kf6 42. Kg3 Ke5 43. Kf3 Kd4 44. Ke2 Kc3 45. Kd1 Kb2 46. Kd2 Ka2 47.
Kc1 Ka1 48. Kd2 Kb2 49. Kd1 Kb1 50. Kd2 50... Kb2 {
Game drawn by mutual agreement} 1/2-1/2

[Event "ICS rated blitz match"]
[Site "207.99.83.227"]
[Date "1999.04.09"]
[Round "?"]
[White "Hossa"]
[Black "kaspinha"]
[Result "1-0"]
[WhiteElo "2432"]
[BlackElo "2152"]
[PlyCount "83"]

1. e4 c6 2. Nc3 d5 3. exd5 cxd5 4. Nf3 Nf6 5. Bb5+ Bd7 6. O-O Bxb5 7. Nxb5 a6
8. Nbd4 e6 9. d3 Nc6 10. Nxc6 bxc6 11. c3 Bd6 12. Qa4 Qc7 13. Bg5 O-O 14. Bxf6
gxf6 15. Qg4+ Kh8 16. Qh4 Be7 17. Rfe1 Rg8 18. Qh5 Rg6 19. Nh4 Rg7 20. c4 dxc4
21. dxc4 f5 22. Rad1 Rd8 23. Rxd8+ Qxd8 24. Nf3 Qg8 25. Qh3 Rg4 26. Ne5 Re4 27.
Rxe4 fxe4 28. Qh5 Kg7 29. Nxc6 Bf6 30. b3 Qc8 31. Qg4+ Kf8 32. Qxe4 Qb7 33. Qf3
Bg7 34. c5 Qb5 35. b4 Qc4 36. Qd1 Qd5 37. Qxd5 exd5 38. Nb8 d4 39. c6 Be5 40.
Nd7+ Ke7 41. Nxe5 Ke6 42. c7 {kaspinha resigns} 1-0

[Event "ICS rated blitz match"]
[Site "207.99.83.227"]
[Date "1999.04.09"]
[Round "?"]
[White "Malanga"]
[Black "Hossa"]
[Result "0-1"]
[WhiteElo "2110"]
[BlackElo "2449"]
[PlyCount "30"]

1. e4 c5 2. Nf3 Nc6 3. Nc3 Nf6 4. Bb5 a6 5. Bxc6 dxc6 6. d3 Bg4 7. a4 e5 8. a5
c4 9. dxc4 Qxd1+ 10. Kxd1 Bb4 11. Bd2 Bxc3 12. Bxc3 Nxe4 13. Re1 O-O-O+ 14. Ke2
Nxc3+ 15. bxc3 15... e4 {Malanga resigns} 0-1

[Event "ICS Rated blitz match"]
[Site "207.99.83.227"]
[Date "1999.04.09"]
[Round "?"]
[White "Hossa"]
[Black "dynamo"]
[Result "1-0"]
[WhiteElo "2453"]
[BlackElo "2086"]
[PlyCount "65"]

1. e4 e6 2. Nf3 d5 3. exd5 exd5 4. Bb5+ c6 5. Be2 Bd6 6. O-O Nf6 7. d4 O-O 8.
Bg5 h6 9. Bxf6 Qxf6 10. Nbd2 Bf5 11. c4 dxc4 12. Nxc4 Bc7 13. Qb3 b5 14. Nce5
Bxe5 15. dxe5 Qe6 16. Qxe6 Bxe6 17. Rfc1 Bd5 18. Nd4 a6 19. Bf3 Bxf3 20. Nxf3
Rc8 21. Nd4 c5 22. Nf5 Kf8 23. Nd6 Rc7 24. a4 b4 25. f4 Nd7 26. a5 g6 27. Ra4
Ke7 28. Rxb4 Raa7 29. Rb3 f6 30. Rg3 fxe5 31. Rxg6 exf4 32. Re1+ Kf8 33. Re8# {
dynamo checkmated} 1-0

[Event "ICS rated blitz match"]
[Site "207.99.83.227"]
[Date "1999.04.09"]
[Round "?"]
[White "Hossa"]
[Black "blunite"]
[Result "1-0"]
[WhiteElo "2467"]
[BlackElo "2329"]
[PlyCount "127"]

1. e4 e5 2. Nf3 Nc6 3. Bb5 a6 4. Bxc6 dxc6 5. O-O Bg4 6. d3 Bc5 7. Nbd2 Qf6 8.
h3 h5 9. hxg4 hxg4 10. Nb3 gxf3 11. Qxf3 Qh4 12. Qh3 Qxh3 13. gxh3 Bb6 14. Kh2
Ne7 15. Bg5 f6 16. Be3 g5 17. Bxb6 cxb6 18. Rg1 c5 19. Nc1 Ng6 20. Ne2 O-O-O
21. a4 Kc7 22. Rac1 Kc6 23. Rg3 Rh6 24. b3 Rdh8 25. Rcg1 Kd6 26. Kg2 Nf4+ 27.
Nxf4 exf4 28. Rf3 Ke5 29. c3 Rh4 30. Re1 Rd8 31. b4 Rd6 32. Kf1 Rh8 33. b5 Rhd8
34. Rd1 axb5 35. axb5 Ra8 36. Re1 Ra5 37. c4 Rd4 38. Rd1 Ra3 39. Ke2 Ra2+ 40.
Rd2 Rxd2+ 41. Kxd2 Rd8 42. Ke1 Ra8 43. Ke2 Ra2+ 44. Kf1 Ra1+ 45. Kg2 Rd1 46.
Kh2 Rd2 47. Kh1 f5 48. exf5 Kxf5 49. Kg1 g4 50. hxg4+ Kxg4 51. Kg2 Rd1 52. Rh3
Rg1+ 53. Kxg1 Kxh3 54. Kh1 f3 55. Kg1 Kg4 56. Kf1 Kf4 57. Ke1 Ke5 58. Kd1 Kf5
59. Kc2 Kg4 60. d4 cxd4 61. Kd3 Kh3 62. Kxd4 Kh2 63. Ke4 Kg2 64. Ke3 {
blunite resigns} 1-0

[Event "ICS rated blitz match"]
[Site "207.99.83.227"]
[Date "1999.04.09"]
[Round "?"]
[White "blunite"]
[Black "Hossa"]
[Result "0-1"]
[WhiteElo "2319"]
[BlackElo "2477"]
[PlyCount "94"]

1. e4 e5 2. Nf3 Nc6 3. Bc4 Bc5 4. Nc3 Nf6 5. a3 O-O 6. d3 d6 7. O-O Bg4 8. h3
Bh5 9. Be3 Nd4 10. Bxd4 Bxd4 11. Rb1 c6 12. Ba2 Qa5 13. g4 Bg6 14. Nxd4 exd4
15. Ne2 Qc5 16. f4 Bxe4 17. dxe4 d3+ 18. Kh2 dxc2 19. Qd4 cxb1=Q 20. Bxb1 Qxd4
21. Nxd4 Rae8 22. Re1 d5 23. e5 a5 24. Re2 Nd7 25. Nf5 Nc5 26. Nd6 Re7 27. Nf5
Rd7 28. Nd4 a4 29. f5 Re7 30. Kg3 Rfe8 31. Kf4 g6 32. f6 Ne6+ 33. Nxe6 Rxe6 34.
g5 c5 35. h4 b5 36. Bc2 c4 37. Re1 d4 38. Bd1 h5 39. Bf3 Rd8 40. Ke4 d3 41. Kf4
Kf8 42. Be4 Rd7 43. Bg2 Rd4+ 44. Be4 Kg8 45. Rd1 Kf8 46. Rd2 Rd8 47. Rd1 47...
Rde8 {blunite resigns} 0-1

[Event "ICS rated blitz match"]
[Site "207.99.83.227"]
[Date "1999.04.09"]
[Round "?"]
[White "Hossa"]
[Black "blunite"]
[Result "0-1"]
[WhiteElo "2486"]
[BlackElo "2310"]
[Annotator "Crafty v16.6"]
[PlyCount "133"]

{annotating for player Hossa using a scoring margin of +0.10 pawns. search
time limit is 20.00} 1. e4 1... e5 2. Nf3 Nc6 3. Bb5 a6 4. Ba4 ({9:-0.15} 4.
Ba4 4... Bc5 5. O-O Nge7 6. c3 O-O 7. d4 Bd6 8. Bg5 $10) ({9:+0.11} 4. Bxc6
4... dxc6 5. Nc3 Qd6 6. d4 exd4 7. Nxd4 c5 8. Nf5 Qxd1+ 9. Kxd1 Ne7 10. Re1 $10
) 4... Nf6 5. Bxc6 ({9:-0.43} 5. Bxc6 5... dxc6 6. Nc3 Bc5 7. Na4 Ba7 8. O-O
Qd6 9. Ng5 9... O-O $15) ({9:-0.08} 5. O-O 5... b5 6. Bb3 Bc5 7. a4 b4 8. Bd5
Qe7 9. Bxc6 9... dxc6 $10) 5... dxc6 6. d3 Bc5 7. O-O Bg4 8. Bg5 ({9:-0.37} 8.
Bg5 8... O-O 9. Nbd2 Re8 10. Nc4 Re6 11. Be3 Bxe3 12. Nxe3 Qd6 13. Nxg4 13...
Nxg4 $15) ({9:-0.24} 8. h3 8... Bxf3 9. Qxf3 O-O 10. Bg5 Be7 11. Qf5 Qd4 12. c3
12... Qd6 $10) 8... Qe7 9. Nbd2 h6 10. Be3 ({8:-0.75} 10. Be3 10... Bxe3 11.
fxe3 O-O-O 12. Nc4 Rhe8 13. Qe2 Bxf3 14. Rxf3 14... Kb8 $17) ({8:-0.48} 10.
Bxf6 10... Qxf6 11. Nc4 Bd6 12. Re1 Bxf3 13. Qxf3 Qxf3 14. gxf3 $15) 10...
O-O-O 11. Bxc5 Qxc5 12. Qb1 g5 13. Rc1 ({8:-0.31} 13. Rc1 13... Qe7 14. b4 Nh5
15. h3 Bxf3 16. Nxf3 Kb8 17. Qb2 $15) ({8:-0.08} 13. c3 13... Bxf3 14. Nxf3 g4
15. d4 exd4 16. Nxd4 Rhe8 17. Re1 17... Kb8 $10) 13... Bxf3 14. Nxf3 Ng4 15.
Rf1 Rh7 16. b4 Qe7 17. Qb2 f6 18. h3 h5 19. hxg4 hxg4 20. Nxg5 fxg5 21. Rfc1
Rdh8 22. Kf1 Rh2 23. a4 ({8:-1.86} 23. a4 23... g3 24. Rd1 Rf8 25. f3 g4 26. d4
gxf3 27. gxf3 $19) ({8:-0.87} 23. c3 $17) 23... Qf6 24. Ke2 ({8:-4.41} 24. Ke2
24... Rxg2 25. Kd2 g3 26. Rh1 Rxh1 27. Rxh1 gxf2 28. Rf1 Qf4+ 29. Kc3 $19) ({
8:-2.86} 24. c3 $19) 24... Rxg2 25. Rf1 Rhh2 26. Kd2 Rxf2+ 27. Rxf2 Rxf2+ 28.
Kc3 g3 29. Rg1 g2 30. Qb3 Kb8 31. Kb2 Ka7 32. Qc4 Qd6 33. Qc3 b6 34. Ka2 Kb7
35. a5 Qd4 36. Qxd4 exd4 37. Kb3 b5 38. Kb2 c5 39. bxc5 Kc6 40. Kb3 Kxc5 41. e5
Kd5 42. e6 Kxe6 43. c4 dxc3 44. Kxc3 Kd5 45. d4 c5 46. dxc5 Kxc5 47. Kd3 g4 48.
Kc3 g3 49. Kd3 Kb4 50. Kd4 Kxa5 51. Kc5 Ra2 52. Kc6 b4 53. Rc1 Ka4 54. Kb6 a5
55. Re1 b3 56. Re4+ Ka3 57. Re1 a4 58. Ka5 Kb2 59. Kb4 Kc2 60. Kc4 Kd2 61. Rg1
Ke3 62. Rd1 Kf2 63. Rd7 g1=Q 64. Rf7+ Kg2 65. Kd5 Rd2+ 66. Kc6 b2 67. Kb5 0-1

[Event "ICS rated blitz match"]
[Site "207.99.83.227"]
[Date "1999.04.09"]
[Round "?"]
[White "Hossa"]
[Black "blunite"]
[Result "1/2-1/2"]
[WhiteElo "2463"]
[BlackElo "2325"]
[PlyCount "157"]

1. e4 e5 2. Nf3 Nc6 3. Bb5 a6 4. Bxc6 dxc6 5. O-O Bg4 6. d3 Bc5 7. Nbd2 Qf6 8.
h3 h5 9. hxg4 hxg4 10. Nb3 gxf3 11. Qxf3 Qh4 12. Qh3 Qxh3 13. gxh3 Bb6 14. Kh2
Ne7 15. Bg5 f6 16. Be3 g5 17. Bxb6 cxb6 18. Rg1 O-O-O 19. Nc1 Ng6 20. Ne2 Rh4
21. Rg4 Rdh8 22. Rxh4 Rxh4 23. Rg1 Kd7 24. Rg4 Rxg4 25. hxg4 c5 26. Nc3 Nf4 27.
Nd5 Nxd5 28. exd5 Kd6 29. c4 b5 30. Kg3 bxc4 31. dxc4 e4 32. Kg2 b5 33. b3 Ke5
34. a4 bxc4 35. bxc4 a5 36. Kf1 f5 37. gxf5 Kxf5 38. Ke2 Ke5 39. Ke3 g4 40. d6
Kxd6 41. Kxe4 Ke6 42. Kf4 Kf6 43. Kxg4 Ke5 44. Kg5 Kd4 45. f4 Kxc4 46. f5 Kb3
47. f6 c4 48. f7 c3 49. f8=Q c2 50. Qc5 Kb2 51. Qe5+ Kb1 52. Qb5+ Ka1 53. Qf1+
Kb2 54. Qf2 Kb1 55. Qb6+ Ka1 56. Qd4+ Kb1 57. Qd3 Ka1 58. Qe3 Kb1 59. Qb3+ Ka1
60. Qc4 Kb1 61. Qe4 Ka1 62. Qh1+ Kb2 63. Qb7+ Ka1 64. Qg7+ Kb1 65. Qh7 Ka1 66.
Qc7 Kb1 67. Qb8+ Ka1 68. Qf4 Kb1 69. Qf5 Ka1 70. Qxa5 c1=Q+ 71. Kf5 Ka2 72.
Qd5+ Ka3 73. a5 Ka4 74. Qe5 Qc8+ 75. Kf4 Qa6 76. Qa1+ Kb5 77. Qe5+ Ka4 78. Qa1+
Kb5 79. Qe5+ {Game drawn by mutual agreement} 1/2-1/2

[Event "ICS rated blitz match"]
[Site "207.99.83.227"]
[Date "1999.04.09"]
[Round "?"]
[White "blunite"]
[Black "Hossa"]
[Result "1/2-1/2"]
[WhiteElo "2331"]
[BlackElo "2457"]
[PlyCount "88"]

1. e4 e5 2. Nf3 Nc6 3. Bc4 Bc5 4. Nc3 Nf6 5. a3 O-O 6. d3 d6 7. O-O Bg4 8. h3
Bh5 9. Bg5 Bxf3 10. Qxf3 Nd4 11. Qd1 c6 12. Ne2 b5 13. Ba2 Rc8 14. Nxd4 Bxd4
15. c3 Bb6 16. Qf3 Qe7 17. g3 Bd8 18. Kg2 Qd7 19. Bxf6 Bxf6 20. Qg4 Qxg4 21.
hxg4 Rcd8 22. f4 h6 23. Rad1 d5 24. d4 dxe4 25. dxe5 Rxd1 26. Rxd1 Rd8 27.
Rxd8+ Bxd8 28. Bb1 e3 29. Kf3 Bb6 30. Be4 a6 31. Bxc6 Bc5 32. Bb7 a5 33. Bc6 b4
34. cxb4 axb4 35. a4 Bd4 36. b3 Kf8 37. Bd5 Bb6 38. Ke2 Ke7 39. a5 Bxa5 40.
Kxe3 Bb6+ 41. Kf3 Bd4 42. Ke4 Bf2 43. Kf3 Bd4 44. Ke4 44... Bf2 {
Game drawn by mutual agreement} 1/2-1/2

[Event "ICS rated blitz match"]
[Site "207.99.83.227"]
[Date "1999.04.09"]
[Round "?"]
[White "Hossa"]
[Black "blunite"]
[Result "1-0"]
[WhiteElo "2451"]
[BlackElo "2337"]
[PlyCount "61"]

1. e4 e5 2. Nf3 Nc6 3. Bb5 a6 4. Bxc6 dxc6 5. O-O Bg4 6. d3 Bc5 7. Nbd2 Qf6 8.
h3 h5 9. hxg4 hxg4 10. Nb3 gxf3 11. Qxf3 Qh4 12. Qh3 Qxh3 13. gxh3 Bb6 14. Kh2
Ne7 15. Bg5 f6 16. Be3 g5 17. Bxb6 cxb6 18. Rg1 O-O-O 19. Nc1 Ng6 20. Ne2 Rh6
21. Rg3 Rdh8 22. Rag1 Nf4 23. Nxf4 exf4 24. Rf3 c5 25. e5 Rg8 26. Rxf4 gxf4 27.
Rxg8+ Kd7 28. Rg7+ Kc6 29. e6 Rh5 30. Rf7 Re5 31. Rxf6 {blunite resigns} 1-0

[Event "ICS rated blitz match"]
[Site "207.99.83.227"]
[Date "1999.04.09"]
[Round "?"]
[White "blunite"]
[Black "Hossa"]
[Result "0-1"]
[WhiteElo "2326"]
[BlackElo "2462"]
[PlyCount "36"]

1. e4 d6 2. d4 Nf6 3. Nc3 g6 4. Bc4 Bg7 5. Qe2 Bg4 6. f3 Bd7 7. Be3 Nc6 8. Qd2
e5 9. Nge2 exd4 10. Nxd4 Ne5 11. Be2 Qe7 12. O-O O-O-O 13. Bg5 Be6 14. Bxf6
Qxf6 15. Nxe6 fxe6 16. Qe3 Nc6 17. Nb5 Qxb2 18. Nxa7+ 18... Nxa7 {
blunite resigns} 0-1

[Event "ICS rated blitz match"]
[Site "207.99.83.227"]
[Date "1999.04.09"]
[Round "?"]
[White "blunite"]
[Black "Hossa"]
[Result "1/2-1/2"]
[WhiteElo "2307"]
[BlackElo "2481"]
[PlyCount "84"]

1. e4 e5 2. Nf3 Nc6 3. Bc4 Bc5 4. Nc3 Nf6 5. a3 O-O 6. d3 d6 7. Na4 Bg4 8. Nxc5
dxc5 9. h3 Bxf3 10. Qxf3 Nd4 11. Qd1 b5 12. Ba2 c4 13. O-O cxd3 14. Qxd3 Qd6
15. c3 Ne6 16. Qxd6 cxd6 17. f3 Rad8 18. Be3 Rd7 19. Rfd1 Nf4 20. Bxf4 exf4 21.
Rd4 Rfd8 22. Rad1 Kh8 23. Kf2 h5 24. h4 g6 25. R1d2 Kh7 26. Rb4 a6 27. Rbd4 Kh6
28. Rd1 Kh7 29. R1d2 Kh6 30. Rd1 Kh7 31. c4 Kg7 32. cxb5 axb5 33. Rb4 Rb8 34.
Bc4 Rdb7 35. Bd5 Rb6 36. Ba2 Rc8 37. Rd2 Rc1 38. Bb3 Rcc6 39. Ke2 Rb7 40. Ba4
Rcb6 41. Bb3 Rc6 42. Ba4 42... Rcb6 {Game drawn by mutual agreement} 1/2-1/2

[Event "ICS rated blitz match"]
[Site "207.99.83.227"]
[Date "1999.04.09"]
[Round "?"]
[White "Hossa"]
[Black "blunite"]
[Result "1-0"]
[WhiteElo "2474"]
[BlackElo "2314"]
[PlyCount "36"]

1. e4 e5 2. Nf3 Nc6 3. Bc4 Nf6 4. Ng5 Bc5 5. Nxf7 Bxf2+ 6. Kf1 Qe7 7. Nxh8 d5
8. exd5 Nd4 9. d6 cxd6 10. d3 Bg4 11. Qd2 Bh4 12. h3 Be2+ 13. Kg1 O-O-O 14. Nf7
Nh5 15. Bd5 Qf6 16. Qe3 Ng3 17. Nd2 Nxh1 18. Kxh1 18... Bg5 {blunite resigns}
1-0

[Event "ICS rated blitz match"]
[Site "207.99.83.227"]
[Date "1999.04.09"]
[Round "?"]
[White "blunite"]
[Black "Hossa"]
[Result "1-0"]
[WhiteElo "2305"]
[BlackElo "2483"]
[Annotator "Crafty v16.6"]
[PlyCount "70"]

{annotating for player Hossa using a scoring margin of +0.10 pawns. search
time limit is 20.00} 1. e4 1... c5 2. Nf3 Nc6 3. Nc3 Nf6 ({8:-0.75} 3... Nf6 4.
Bc4 Na5 5. Be2 d5 6. exd5 Nxd5 7. Bb5+ Bd7 8. O-O Bxb5 9. Nxb5 $16) ({8:-0.62} 
3... Nh6 4. Bb5 f5 5. O-O fxe4 6. Nxe4 d6 7. c4 7... Bg4 $14) 4. Bb5 a6 5. Bxc6
dxc6 6. h3 e6 7. O-O Be7 8. d3 O-O 9. Be3 Bd7 ({9:-0.50} 9... Bd7 10. Na4 b6
11. Ne5 Bd6 12. Nxd7 Nxd7 13. c4 b5 14. Nc3 bxc4 15. dxc4 $14) ({9:-0.22} 9...
b5 10. Bg5 Bd7 11. e5 Nd5 12. Bxe7 Qxe7 13. Ne4 Rad8 14. Nd6 $10) 10. Nh2 Bd6
11. f4 Be7 12. g4 Qb6 ({9:-0.10} 12... Qb6 13. Na4 Qa5 14. c4 Rad8 15. g5 Ne8
16. Ng4 16... Qb4 $10) ({9:+0.44} 12... Be8 13. g5 Nd7 14. Qh5 b5 15. e5 b4 16.
Ne4 16... Rc8 $15) 13. Rb1 Qc7 ({9:+0.17} 13... Qc7 14. Na4 b6 15. c4 Be8 16.
Nf3 Rd8 17. Ng5 Qd6 18. Nxb6 Qxd3 19. Qxd3 19... Rxd3 $10) ({9:+0.29} 13... Bc8
14. g5 Nd7 15. Qh5 Qc7 16. Ng4 b5 17. e5 17... Qd8 $10) 14. Kg2 Rad8 ({9:+0.33
} 14... Rad8 15. Na4 b6 16. g5 Ne8 17. c4 a5 18. Ng4 18... Nd6 $15) ({9:+0.52} 
14... Be8 15. g5 Nd7 16. Ne2 Rd8 17. c4 b5 18. Ng4 bxc4 19. dxc4 $15) 15. g5
Ne8 16. Kh1 b5 17. e5 b4 ({8:+0.36} 17... b4 18. Ne4 Qa5 19. c4 Qxa2 20. Nxc5
Nc7 21. Qh5 $15) ({8:+0.48} 17... Qa5 18. Nf3 Nc7 19. Qd2 b4 20. Ne4 c4 21. Ra1
cxd3 22. Qxd3 $15) 18. Ne4 Qb6 ({8:+0.04} 18... Qb6 19. Ng4 Kh8 20. Ngf6 Bc8
21. Nxe8 $10) ({8:+0.26} 18... Qa5 19. Ra1 Qb5 20. Qe2 a5 21. Ng4 a4 22. Rae1
$10) 19. Rg1 Qa5 20. Ng4 Qxa2 21. Ngf6+ Kh8 22. Qh5 gxf6 ({8:-1.20} 22... gxf6
23. gxf6 Bxf6 24. exf6 Nc7 25. Bxc5 Rg8 26. Be7 Rxg1+ 27. Rxg1 Rb8 28. Qxf7
28... Qxb2 $16) ({8:-0.92} 22... Bxf6 23. gxf6 g6 24. Qh6 Rg8 25. Bxc5 Rb8 26.
c4 bxc3 27. Nxc3 27... Qb3 $16) 23. gxf6 Bxf6 24. exf6 Qxb1 25. Rxb1 b3 ({
8:-8.46} 25... b3 26. Qh6 Rg8 27. Ng5 Rxg5 28. fxg5 Kg8 29. Bxc5 Nxf6 30. Qxf6
Rb8 31. cxb3 31... Rxb3 $18) ({8:-6.32} 25... Rb8 $18) 26. c4 Bc8 ({9:-16.91} 
26... Bc8 27. Qh6 Rg8 28. Ng5 Rxg5 29. fxg5 Nxf6 30. Qxf6+ Kg8 31. Qxd8+ Kg7
32. Qxc8 e5 33. Bxc5 e4 34. dxe4 $18) ({9:-6.38} 26... Rg8 $18) 27. Bxc5 Rg8
28. Be7 Rxd3 29. Ng5 Rxg5 30. fxg5 Bb7 ({9:-Mat09} 30... Bb7 31. Qxf7 c5+ 32.
Kh2 Rd2+ 33. Kg1 Rg2+ 34. Kf1 Rxg5 35. Qxe8+ Rg8 36. f7 Bg2+ 37. Kf2 Kg7 38.
Qxg8+ Kh6 39. Qg5# $18) ({9:-12.55} 30... Nd6 31. Qh6 Rxh3+ 32. Qxh3 Bb7 33.
Bxd6 c5+ 34. Kh2 Be4 35. Rg1 Bf5 36. Qxb3 $18) 31. Qxf7 c5+ 32. Kg1 Rg3+ 33.
Kf2 Rg2+ 34. Kf1 Rxg5 35. Qxe8+ Rg8 1-0

[Event "ICS rated blitz match"]
[Site "207.99.83.227"]
[Date "1999.04.09"]
[Round "?"]
[White "Hossa"]
[Black "blunite"]
[Result "1/2-1/2"]
[WhiteElo "2469"]
[BlackElo "2325"]
[PlyCount "165"]

1. e4 e5 2. Nf3 Nc6 3. Bb5 a6 4. Bxc6 dxc6 5. O-O Bg4 6. d3 Bc5 7. Nbd2 Qf6 8.
h3 h5 9. hxg4 hxg4 10. Nb3 gxf3 11. Qxf3 Qh4 12. Qh3 Qxh3 13. gxh3 Bb6 14. Kh2
Ne7 15. Bg5 f6 16. Be3 g5 17. Bxb6 cxb6 18. Rg1 O-O-O 19. Nc1 c5 20. Ne2 Ng6
21. a4 a5 22. Rg3 Rh6 23. b3 Rdh8 24. Rag1 Kd7 25. Kg2 Nf4+ 26. Nxf4 exf4 27.
Rf3 Ke6 28. c3 Rd8 29. Rb1 Ke5 30. Rd1 Rh7 31. Rd2 Rhd7 32. Kh1 Rd6 33. Kh2
R6d7 34. Kg1 Rd6 35. Kf1 f5 36. exf5 Kxf5 37. Rd1 g4 38. hxg4+ Kxg4 39. Kg2 Rh8
40. d4 cxd4 41. Rxd4 Rxd4 42. cxd4 Rf8 43. Rc3 f3+ 44. Kg1 Re8 45. d5 Re1+ 46.
Kh2 Rd1 47. Rc4+ Kf5 48. Rc7 b5 49. axb5 Rxd5 50. Rxb7 Rd3 51. Ra7 Rxb3 52.
Rxa5 Kf4 53. Ra4+ Kf5 54. Kg3 Rxb5 55. Rf4+ Kg5 56. Rxf3 Rb4 57. Rf8 Rg4+ 58.
Kf3 Rb4 59. Ke3 Rb3+ 60. Ke2 Rb2+ 61. Kd3 Rb4 62. f3 Rf4 63. Rg8+ Kf5 64. Ke3
Ra4 65. Rf8+ Kg5 66. f4+ Kg6 67. Kf3 Ra1 68. Kg4 Rg1+ 69. Kh4 Rh1+ 70. Kg3 Rg1+
71. Kh2 Rg4 72. Kh3 Kg7 73. Rf5 Rg1 74. Ra5 Kf6 75. Rc5 Kf7 76. f5 Kf6 77. Kh4
Rh1+ 78. Kg4 Rg1+ 79. Kf4 Rf1+ 80. Ke4 Re1+ 81. Kd4 Rf1 82. Ke4 Re1+ 83. Kd4 {
Game drawn by mutual agreement} 1/2-1/2

[Event "ICS rated blitz match"]
[Site "207.99.83.227"]
[Date "1999.04.09"]
[Round "?"]
[White "blunite"]
[Black "Hossa"]
[Result "0-1"]
[WhiteElo "2331"]
[BlackElo "2463"]
[PlyCount "66"]

1. e4 e5 2. Nf3 Nc6 3. Bc4 Bc5 4. Nc3 Nf6 5. a3 O-O 6. d3 d6 7. Na4 Bg4 8. Nxc5
dxc5 9. c3 Na5 10. Ba2 c4 11. Bg5 Qxd3 12. Qxd3 cxd3 13. Bxf6 gxf6 14. O-O-O f5
15. Rhe1 Rad8 16. exf5 Nc6 17. Re3 Rd7 18. h3 Bxf3 19. Rxf3 Rfd8 20. Re3 Kg7
21. Rd2 Kf6 22. g4 h5 23. f3 Na5 24. b4 Nc6 25. Bb1 e4 26. Rxe4 Ne5 27. Rf2 b5
28. Rxe5 Kxe5 29. f4+ Ke4 30. Kd2 hxg4 31. hxg4 Rh8 32. f6 Rh1 33. Ba2 33...
Ra1 {blunite resigns} 0-1

[Event "ICS rated blitz match"]
[Site "207.99.83.227"]
[Date "1999.04.09"]
[Round "?"]
[White "Hossa"]
[Black "ColonialPast"]
[Result "1/2-1/2"]
[WhiteElo "2448"]
[BlackElo "2159"]
[PlyCount "111"]

1. e4 c6 2. Nc3 d5 3. exd5 cxd5 4. Nf3 Nf6 5. Bb5+ Bd7 6. O-O e6 7. Ne5 a6 8.
Nxd7 Nbxd7 9. Bxd7+ Qxd7 10. d3 h6 11. Bf4 Bd6 12. Qf3 Qc7 13. Bxd6 Qxd6 14.
Rae1 O-O 15. a3 Rac8 16. Re2 b5 17. Qe3 d4 18. Ne4 dxe3 19. Nxd6 exf2+ 20.
Rfxf2 Rc7 21. d4 Rd8 22. Ne4 Nxe4 23. Rxe4 Rcd7 24. c3 Rd5 25. h4 R8d7 26. g4
a5 27. h5 b4 28. Rc2 bxa3 29. bxa3 Rg5 30. Kf2 f5 31. gxf5 exf5 32. Rh4 Rf7 33.
c4 f4 34. Rc3 Rb7 35. Rxf4 Rb2+ 36. Kf3 Rxh5 37. Ke4 g5 38. Rg4 Rhh2 39. c5 Kf7
40. d5 Rhe2+ 41. Kd4 Rbd2+ 42. Rd3 Ke7 43. Rgg3 Kd7 44. c6+ Kd6 45. Rxd2 Rxd2+
46. Rd3 Rxd3+ 47. Kxd3 h5 48. Ke4 h4 49. Kf3 h3 50. Kg3 g4 51. a4 Kc7 52. Kh2
Kd6 53. Kg3 Kc7 54. Kh2 Kd6 55. Kg3 Kc7 56. Kh2 {Game drawn by repetition}
1/2-1/2

[Event "ICS rated blitz match"]
[Site "207.99.83.227"]
[Date "1999.04.09"]
[Round "?"]
[White "ColonialPast"]
[Black "Hossa"]
[Result "0-1"]
[WhiteElo "2170"]
[BlackElo "2437"]
[PlyCount "86"]

1. e4 e5 2. Nf3 Nc6 3. Bb5 a6 4. Ba4 Nf6 5. O-O b5 6. Bb3 Bc5 7. c3 O-O 8. d4
exd4 9. cxd4 Be7 10. e5 Ne8 11. Bd5 Bb7 12. Nc3 b4 13. Ne4 Na5 14. Bxb7 Nxb7
15. Bg5 Kh8 16. Qd3 f5 17. exf6 Nxf6 18. Nxf6 Bxf6 19. Bxf6 Rxf6 20. Rac1 Rc8
21. Qb3 a5 22. Ne5 Nd6 23. Rc5 c6 24. Qh3 Nb7 25. Rc2 Rc7 26. Re2 d6 27. Nc4
Rf8 28. Rfe1 Rcf7 29. Qg3 Qf6 30. Qe3 Qh4 31. g3 Qh5 32. b3 Qg4 33. Kg2 Rf6 34.
h3 Qh5 35. f4 a4 36. g4 Qd5+ 37. Kg3 axb3 38. axb3 Kg8 39. f5 c5 40. dxc5 Nxc5
41. Qf3 Qxf3+ 42. Kxf3 Nxb3 43. Re6 43... Nd4+ {ColonialPast resigns} 0-1

[Event "ICS rated blitz match"]
[Site "207.99.83.227"]
[Date "1999.04.09"]
[Round "?"]
[White "Hossa"]
[Black "ColonialPast"]
[Result "0-1"]
[WhiteElo "2443"]
[BlackElo "2164"]
[Annotator "Crafty v16.6"]
[PlyCount "196"]

{annotating for player Hossa using a scoring margin of +0.10 pawns. search
time limit is 20.00} 1. e4 1... c6 2. Nc3 d5 3. exd5 cxd5 4. Nf3 Nf6 5. Bb5+
Bd7 6. O-O e6 7. Ne5 Bd6 8. Nxd7 ({8:+0.21} 8. Nxd7 8... Nbxd7 9. Re1 Qc7 10.
Kh1 O-O 11. Qf3 Nc5 12. Kg1 12... Bxh2+ $10) ({8:+0.38} 8. d4 8... O-O 9. Bg5
Be8 10. Bxe8 Qxe8 11. Bxf6 gxf6 12. Qg4+ Kh8 13. Nf3 13... f5 $14) 8... Nbxd7
9. d3 h6 10. Be3 O-O 11. Bxd7 ({8:+0.07} 11. Bxd7 11... Qxd7 12. Qf3 Ne8 13.
Rae1 f5 14. Qh5 Qf7 15. Qxf7+ Rxf7 16. Bd4 $10) ({8:+0.23} 11. d4 11... Qc7 12.
Kh1 Bxh2 13. g3 Bxg3 14. fxg3 14... Qxg3 $10) 11... Qxd7 12. Qf3 Be7 13. Bd4 a6
14. Rae1 Rac8 15. Qf4 ({8:+0.12} 15. Qf4 15... Bd6 16. Qh4 Nh7 17. Qh5 f5 18.
Qg6 18... Ng5 $10) ({8:+0.23} 15. Re2 15... Qd6 16. Rb1 Nd7 17. Rbe1 Bg5 18.
Qh5 18... Qf4 $10) 15... b5 16. Be5 ({8:-0.24} 16. Be5 16... Ne8 17. Qd2 b4 18.
Ne2 f6 19. Bf4 19... f5 $10) ({8:+0.08} 16. a3 16... Bd6 17. Qf3 Nh7 18. Qh5 f5
19. Qg6 19... Ng5 $10) 16... b4 17. Bxf6 Bxf6 18. Qxb4 Rb8 19. Qa3 Qb7 20. Nd1
Rfc8 21. c3 Qb5 22. Re3 Rb6 23. Rfe1 ({9:+0.37} 23. Rfe1 23... Bg5 24. Rf3 f5
25. Re5 Qd7 26. d4 Rc4 27. Ne3 $14) ({9:+0.52} 23. Rf3 23... Qc6 24. Re1 Bg5
25. Qa5 Bc1 26. b3 f5 27. Re5 $14) 23... Rc7 24. Rg3 Be7 25. b4 Bf6 26. d4 Rbc6
27. Kh1 Be7 28. Qb3 a5 29. a4 ({8:+0.66} 29. a4 29... Qc4 30. Qxc4 Rxc4 31. Nb2
Rxc3 32. Rxc3 Rxc3 33. bxa5 33... Rc2 $14) ({8:+0.96} 29. bxa5 29... Qxa5 30.
Kg1 Bg5 31. Qc2 f5 32. a4 Ra7 33. Nb2 $16) 29... Qc4 30. Qxc4 ({9:-0.44} 30.
Qxc4 30... Rxc4 31. bxa5 Rxa4 32. Kg1 Rxa5 33. Kf1 Bd6 34. Rge3 34... Ra2 $15)
({9:-0.13} 30. Qb1 30... axb4 31. Ne3 Qxc3 32. Nxd5 Qxe1+ 33. Qxe1 Rc1 34.
Nxe7+ Kh8 35. Ng6+ fxg6 36. Qg1 Rxg1+ 37. Kxg1 $10) 30... Rxc4 31. Nb2 Rxc3 32.
Rxc3 Rxc3 33. bxa5 Ba3 34. Nd1 Rc4 35. Rf1 Rxa4 36. Nc3 Rxa5 37. Rb1 Be7 38.
Rb8+ Kh7 39. Rb1 Bf6 40. Rd1 Ra3 41. Nb5 Rb3 42. Nd6 Kg6 43. h4 Bxh4 44. g3 Bf6
45. Ne8 Rb4 46. Nxf6 Kxf6 47. Kg2 Kf5 48. f3 f6 49. Kh3 h5 50. Rd2 Rb3 51. Kg2
g5 52. Kf2 Rb5 53. Kg2 e5 54. Kh3 e4 55. Rf2 Kg6 56. fxe4 dxe4 57. Re2 f5 58.
Rc2 Rb6 59. Rc8 Rb7 60. Rc6+ Kf7 61. Rc5 Ke6 62. Re5+ Kf6 63. Rc5 Rd7 64. Rc6+
Kf7 65. Rh6 Rxd4 66. Rxh5 e3 67. Rh7+ Kf6 68. Rh6+ Kf7 69. Rh7+ Ke6 70. Rh8 Re4
71. Re8+ Kd5 72. Rd8+ Kc4 73. Rc8+ Kd3 74. Rd8+ Kc2 75. Rc8+ Kd2 76. Rd8+ Kc3
77. Rc8+ Kd3 78. Rd8+ Rd4 79. Ra8 e2 80. Ra3+ Kd2 81. Ra2+ Ke3 82. Ra3+ Rd3 83.
Ra1 Rd1 84. Ra5 e1=Q 85. Re5+ Kd4 86. Rxe1 Rxe1 87. Kg2 Ke3 88. g4 f4 89. Kh3
Kf3 90. Kh2 Kxg4 91. Kg2 Re2+ 92. Kf1 Ra2 93. Ke1 Kf3 94. Kd1 Ke3 95. Kc1 f3
96. Kb1 Rd2 97. Ka1 f2 98. Kb1 f1=Q# 0-1